Quizzes
Events
Quiz Creation
Community
Videos
Private Events
Remove Ads
Sign In
Join for FREE
Feedback
Dark Mode
Quiz Categories
Sports
Geography
Music
Movies
Television
Just For Fun
Miscellaneous
History
Literature
Language
Science
Gaming
Entertainment
Religion
Holiday
For Kids
Quiz Lab
Recent
Popular Today
Quiz Kudos Today
Editor Picks
Curator Picks
Quizzes by...
Day
Popularity
Type
Ratings
Length
Year
Community
Subscriptions
Recent Discussions
Orange Saloon
Badges
Playlists
Quests
Create
Leaderboards
Showdown
Live 5
Trivia Bingo
Activity
Puzzle Library
Sporcle Events
Private Events
Virtual Trivia
Globe League
Become a Host
Pub Owners
SporcleCon
Opinionation
Our Games
Videos
Blog
Mobile Apps
Partnerships
Remove Ads and Go Orange
Feedback
Language
Vocabulary
Begins and Ends
Definition
Spanish
French
German
Italian
Chinese
Latin
Translation
Japanese
Language
Vocabulary
Begins and Ends
Definition
Spanish
French
German
Italian
Chinese
Latin
Translation
Japanese
Random Quiz
Search Sporcle
×
Quiz Lab
Quiz Lab
Language
Plants
Select answers by clicking on text or image buttons
Select answers by clicking on text or image buttons
Clickable
Best Score? Go Orange.
Lutetium Words Stats
Can you pick the words that start with Lu from their definitions?
By
Chameleon
60s
10 Questions
1,675 Plays
1,675 Plays
1,675 Plays
Comments
Comments
Give Quiz Kudos
Give Quiz Kudos
-
- Ratings
hide this ad
Forced Order
Answers have to be entered in order
Answers have to be entered in order
Replay
Link that replays current quiz
Next Quiz
Link to next quiz in quiz playlist
You Got
0%
They Got
Avg Score
82%
Avg Friend Score
Upgrade to see
Score Distribution
Jump to the score distribution portion of the page
Score
0/10
Timer
01:00
0
Plays Today
% Correct
Lullaby
94%
Lubricant
93.2%
Lupine
90.4%
Luminescence
88.8%
Luminary
84.2%
Lutz
82.8%
Lugubrious
81.3%
Lungwort
79.6%
Lugger
74%
Lubber
61.1%
Quiz Playlist
Details
Report
Send in Message
Add To Playlist
Clickable:
Select answers by clicking on text or image buttons
Forced Order:
Answers have to be entered in order
Last Updated: Aug 8, 2019
Quiz Scoreboard
CHALLENGE
Sign Up to Join the Scoreboard
Show All
Scores
Hide
Comments
May contain spoilers
Recently Published
Popular People in 1961
by mucciniale
History
6m
1-10 Letter E Words III
by El_Dandy
Language
2m
One Thing in Common: World Cities II
by knightlancer
Geography
7m
More to Explore
Quiz From the Vault
Featured Blog Post
Where Did the Easter Bunny Come From?
hide this ad
You Might Also Like...
Tags
Begins and Ends Quiz
Clickable Quiz
Definition Quiz
General Knowledge Quiz
Plants Quiz
Vocabulary Quiz
clock
horoscope
Musical Instruments
start
tree
Trees
Today's Top Quizzes in Language
Browse Language
hide this ad
Today's Top Quizzes in Plants
Browse Plants
Top Contributed Quizzes in Language
1
Order Up: Top 10 Most Native Spoken Languages
2
1-10 Letter F Words III
3
1-10 Letter G Words III
4
One Thing in Common: Italy
5
1-10 Letter H Words III
6
1-10 Letter I Words III
7
Hiragana Speed Reading
8
Begins and Ends With AN
9
Vocabulary 5
10
1-10 Letter J Words III
Explore More
Trending Topics
Kpop
NBA
Marvel
Anime
Crossword
Disney
Harry Potter
Soccer
Country
NFL
WWE
Pokémon
The Office
Song
Puzzle
hide this ad
More By:
Chameleon
Quiz
Plays
Rating
Category
Featured
Created
Food in Other Words
33,568
4.43
Language
May 27, 2015
Correct Title of Literary Works
25,948
4.75
Literature
Feb 13, 2019
Classic Board Games Reviews
23,759
4.61
Gaming
Jan 17, 2018
Word Ladder: Indiana Jones
19,881
4.43
Just For Fun
May 18, 2013
It's a No-No!
19,095
4.52
Language
Aug 31, 2019
Go to Creator's Profile
Score Distribution
Quiz Creator Spotlight
Chameleon
Follow
Send a Message
Quizzes Created
-
Created Quiz Play Count
-
More By This Creator
Popular Quizzes Today
1
Find the US States - No Outlines Minefield
2
The Countries of the World
3
Find the Countries of Europe - No Outlines Minefield
4
Popular People in 1961
5
1-10 Letter E Words III
6
Find the US States
7
One Thing in Common: World Cities II
8
US States
More Language Quizzes
Rhymes with 'Stressed'
Published
Trending Quizzes
Risky Map Clicking: Least Populous States A-Z
1-10 Letter F Words
1-10 Letter G Words
One Thing in Common: United Kingdom
Risky Map Clicking: Next State Alphabetically
Recently Updated
Leaping Animals
pecheneg
Reality TV Shows (A-Z)
bhenderson79
Rickey Henderson's Hall of Fame Teammates
pecheneg
Champions League XIs: Arsenal
pecheneg
Quick Pick: Celebrities in WWE's Hall of Fame
aduchscher
A-Z Keypad Blitz II
pecheneg
Multiple Oscar Actors
pecheneg
Mystery Phrase Blitz: Oscar 'Best Actors'
pecheneg
F. Scott Fitzgerald Novels
LTH
Pick 3 Villains
ddd62291
Trending Topics
Marvel
Disney
Anime
Crossword
Harry Potter
Kpop
NBA
Country
Puzzle
WWE
Song
Soccer
The Office
NFL
Pokémon
Your Account Isn't Verified!
In order to create a playlist on Sporcle, you need to verify the email address you used during registration. Go to your
Sporcle Settings
to finish the process.
Report this User
Report this user for behavior that violates our
Community Guidelines
.
Details:
Send Report
Go to the Sporcle.com Mobile Site →
Comments